000 00726cam a22002413a 4500
001 13854
003 PGUSA
005 20140828083310.0
008 041025s2004||||xxu|||||s|||||000 | eng d
040 _aPGUSA
_beng
042 _adc
050 4 _aF850.5
100 1 _aJames, George Wharton,
_d1858-1923
245 1 4 _aThe Old Franciscan Missions Of California
_h[electronic resource] /
_cGeorge Wharton James
260 _bProject Gutenberg,
_c2004
506 _aPublic domain in the USA.
516 _aElectronic text
653 _aFranciscans -- California
653 _aSpanish mission buildings -- California
830 0 _aProject Gutenberg
_v13854
856 4 0 _uhttp://www.gutenberg.org/ebooks/13854
942 _cEB
999 _c243109
_d243109